| 000 | 00733nam a22002177a 4500 | ||
|---|---|---|---|
| 003 | DO-SdBNP | ||
| 005 | 20230322115935.0 | ||
| 008 | 160810b2008 sp ||| 00| 0 spa d | ||
| 020 | _a9788403099067 | ||
| 040 |
_aBPMSU _bspa _cBPMSU |
||
| 082 | 4 |
_a946 _bM357t 2007 _222 |
|
| 100 | 1 | _aMárquez de la Plata, Vicenta María | |
| 245 | 1 | 3 |
_aEl trágico destino de los hijos de los Reyes Católicos / _cVicenta Márquez de la Plata |
| 260 |
_aMadrid : _bSantillana Ediciones Generales, _c2008. |
||
| 300 |
_a233 p. : _bil., _c24 cm. |
||
| 504 | _aIncluye bibliografías | ||
| 590 | _6Inventariado, 2022/VM | ||
| 651 | 4 |
_aEspaña _xHistoria _x Reyes Católicos, _y1479- _3 |
|
| 910 | _aBTAVÁREZ/ VMateo V. Control de calidad | ||
| 942 |
_2ddc _cBK |
||
| 999 |
_c11145 _d11145 |
||